Salta al contenuto

А - В Т. 1 А - В

Настоящий словарь, содержащий свыше 1300 словарных единиц и фразеологизмов, является первым опытом систематического описания наследия Нобелевского лауреата И.А.Бунина, считающегося признанным мастером слова, тонким стилистом, наследником пушкинских традиций в русской словесности. Первый том включает...

Descrizione completa

Salvato in:
Dettagli Bibliografici
Autore principale: Журавлева Г. С.
Altri autori: Хашимов Р. И.
Natura: Книга
Lingua:Russian
Pubblicazione: Елец ЕГУ им. И.А. Бунина 2010
Accesso online:https://e.lanbook.com/book/196021
https://e.lanbook.com/img/cover/book/196021.jpg
Tags: Aggiungi Tag
Nessun Tag, puoi essere il primo ad aggiungerne! !
LEADER 02085nam0a2200277 i 4500
001 196021
003 RuSpLAN
005 20221220174141.0
008 221220s2010 ru gs 000 0 rus
020 |a 978-5-94809-461-8 
040 |a RuSpLAN 
041 0 |a rus 
044 |a ru 
080 |a 81 
084 |a 81.411.2я2  |2 rubbk 
245 1 |a А - В  |c Журавлева Г. С.,Хашимов Р. И.   |n Т. 1  |p А - В 
260 |a Елец  |b ЕГУ им. И.А. Бунина  |c 2010 
300 |a 309 с. 
504 |a Библиогр.: доступна в карточке книги, на сайте ЭБС Лань 
520 8 |a Настоящий словарь, содержащий свыше 1300 словарных единиц и фразеологизмов, является первым опытом систематического описания наследия Нобелевского лауреата И.А.Бунина, считающегося признанным мастером слова, тонким стилистом, наследником пушкинских традиций в русской словесности. Первый том включает в себя всю поэтическую лексику, за исключением собственных имен. Призванный способствовать развитию отечественной культуры, словарь предназначен для лингвистов, литературоведов, культурологов, а также широкого круга читателей и почитателей таланта И.А.Бунина и русского языка. 
521 8 |a Книга из коллекции ЕГУ им. И.А. Бунина - Языкознание и литературоведение 
100 1 |a Журавлева Г. С. 
700 1 |a Хашимов Р. И. 
856 4 |u https://e.lanbook.com/book/196021 
856 4 8 |u https://e.lanbook.com/img/cover/book/196021.jpg 
953 |a https://e.lanbook.com/img/cover/book/196021.jpg 
Cannot write session to /tmp/vufind_sessions/sess_nmc137j05a4aocmbtihht3bj9t